<?xml version="1.0" encoding="UTF-8"?>
<record
    xmlns:xsi="http://www.w3.org/2001/XMLSchema-instance"
    xsi:schemaLocation="http://www.loc.gov/MARC21/slim http://www.loc.gov/standards/marcxml/schema/MARC21slim.xsd"
    xmlns="http://www.loc.gov/MARC21/slim">

  <leader>02155nam a2200217 a 4500</leader>
  <controlfield tag="001">000087437</controlfield>
  <controlfield tag="005">20200120224957.0</controlfield>
  <controlfield tag="008">990304s2008    ck     gr|||| 0|| | spa d</controlfield>
  <datafield tag="020" ind1=" " ind2=" ">
    <subfield code="a">9789589747292</subfield>
  </datafield>
  <datafield tag="090" ind1=" " ind2=" ">
    <subfield code="a">AN</subfield>
    <subfield code="b">VEL 2008</subfield>
  </datafield>
  <datafield tag="100" ind1="0" ind2=" ">
    <subfield code="a">Velasquez, Rogerio</subfield>
    <subfield code="d">1908-</subfield>
  </datafield>
  <datafield tag="245" ind1="1" ind2="4">
    <subfield code="a">Las memorias del odio /</subfield>
    <subfield code="c">Rogerio Vel&#xE1;squez.</subfield>
  </datafield>
  <datafield tag="260" ind1=" " ind2=" ">
    <subfield code="a">Bogot&#xE1; :</subfield>
    <subfield code="b">M&#xFA;nera Editores,</subfield>
    <subfield code="c">2008.</subfield>
  </datafield>
  <datafield tag="300" ind1=" " ind2=" ">
    <subfield code="a">68 p&#xE1;ginas.</subfield>
  </datafield>
  <datafield tag="490" ind1=" " ind2="0">
    <subfield code="a">Presencia Afrocolombiana</subfield>
  </datafield>
  <datafield tag="520" ind1=" " ind2=" ">
    <subfield code="a">"Memorias del odio"" constituye un trabajo literario m&#xE1;s para abordar la vida de Manuel Saturno Valencia, el &#xFA;ltimo fusilado en Colombia, baste recordar las obras de Manuel Zapata Olivilla, ""El fusilamiento del diablo"" (1986), Teresa Mart&#xED;nez de Varela, ""Mi Cristo negro""(1983), Miguel A. Caicedo, ""Manuel Saturio, el hombre""(1997), Cesar Rivas Lara, ""A cien a&#xF1;os del fusilamiento de Manuel Saturio Valencia"" (2007). La diferencia de este intento de abordar la vida de Manuel Saturio, radica en que la obra le da la palabra para que el cuente su vida, es la voz del hombre que narra c&#xF3;mo desde su infancia ha sufrido, los padecimientos que le toc&#xF3; vivir, como logr&#xF3; sobresalir, siendo juez, maestro de los menos favorecidos, en medio de una sociedad chocoana de finales del siglo XIX y principios del XX, dominada por unas pocas familias ""blancas"" racista, una sociedad sin oportunidades, y todo el odio que fue acumulado a trav&#xE9;s de su experiencia vital. Narra c&#xF3;mo es torturado y condenado a la pena de muerte adjudic&#xE1;ndole un incendio que no hab&#xED;a cometido. Saturio narra su angustia, su dolor y la maldad de aquella sociedad que no le permiti&#xF3; destacarse por su color de piel. Aunque el texto guarda fidelidad con la historia de Manuel Saturio, es ""m&#xE1;s ficci&#xF3;n que realidad, pasi&#xF3;n que documento, literatura que an&#xE9;cdota&#xBF; (Pr&#xF3;logo del libro de Alfonso Carvajal). Este libro expone las vicisitudes de un pueblo a lo largo de su historia en Am&#xE9;rica a trav&#xE9;s del funesto destino de Manuel Saturio Valencia."</subfield>
  </datafield>
  <datafield tag="650" ind1="1" ind2="4">
    <subfield code="a">Literatura adulto</subfield>
  </datafield>
  <datafield tag="650" ind1="2" ind2="4">
    <subfield code="a">Novela colombiana</subfield>
  </datafield>
  <datafield tag="650" ind1="2" ind2="4">
    <subfield code="a">Novela hist&#xF3;rica colombiana</subfield>
  </datafield>
  <datafield tag="650" ind1="2" ind2="4">
    <subfield code="a">Literatura negra</subfield>
    <subfield code="z">Colombia</subfield>
  </datafield>
  <datafield tag="999" ind1=" " ind2=" ">
    <subfield code="c">12019</subfield>
    <subfield code="d">12019</subfield>
  </datafield>
  <datafield tag="952" ind1=" " ind2=" ">
    <subfield code="0">0</subfield>
    <subfield code="1">0</subfield>
    <subfield code="2">ddc</subfield>
    <subfield code="4">0</subfield>
    <subfield code="7">0</subfield>
    <subfield code="8">LA</subfield>
    <subfield code="a">BPMOS</subfield>
    <subfield code="b">BPMOS</subfield>
    <subfield code="d">2020-01-20</subfield>
    <subfield code="i">NT</subfield>
    <subfield code="l">0</subfield>
    <subfield code="o">AN VEL 2008</subfield>
    <subfield code="p">MOS020038</subfield>
    <subfield code="r">2020-01-20</subfield>
    <subfield code="t">ej.1</subfield>
    <subfield code="w">2020-01-20</subfield>
    <subfield code="y">BKLIT</subfield>
    <subfield code="z">Quince d&#xED;as</subfield>
  </datafield>
</record>
